Studienbuch: Einführung in die Didaktik der deutschen Sprache und Literatur/ (Record no. 73376)
| 000 -BAŞLIK | |
|---|---|
| Sabit Uzunluktaki Kontrol Alanı | 01304nam a22003737a 4500 |
| 001 - KONTROL NUMARASI | |
| Control Dosyası | 0072621 |
| 003 - KONTROL NUMARASI KİMLİĞİ | |
| Kontrol Alanı | KOHA_MİRAKIL |
| 005 - EN SON İŞLEM TARİHİ ve ZAMANI | |
| Kontrol Alanı | 20260207005102.0 |
| 007 - FİZİKSEL TANIM SABİT ALAN - GENEL BİLGİ | |
| Sabit uzunluklu kontrol alanı | ta |
| 008 - SABİT UZUNLUKTAKİ VERİ ÖGELERİ - GENEL BİLGİ | |
| Sabit Alan | 241216b1981 ge |||gr||||#0|||1|ger | |
| 020 ## - ISBN - ULUSLARARASI STANDART KİTAP NUMARASI | |
| Isbn | 3506787012 |
| 040 ## - KATALOGLAMA KAYNAĞI | |
| Özgün Kataloglama Kurumu | TR-BiSEU |
| Kataloglama Dili | tur |
| Çeviri Kurumu | TR-BiSEU |
| Açıklama Kuralları | rda |
| 041 0# - DİL KODU | |
| Metin ya da ses kaydının dil kodu | ger |
| 044 ## - YAYINLAYAN/ÜRETEN KURULUŞUN ÜLKE KODU | |
| ISO country code | ge |
| 050 ## - SINIFLAMA ve YER NUMARASI | |
| Sınıflama Numarası | PF3065 |
| Yer Numarası | .S78 1981 |
| 245 1# - ESER ADI BİLDİRİMİ | |
| Başlık | Studienbuch: Einführung in die Didaktik der deutschen Sprache und Literatur/ |
| Sorumluluk Bildirimi | herausgegeben von Hermann Zabel. |
| 264 #1 - ÜRERİM, YAYIN, DAĞITIM ve TELİF BİLDİRİMİ | |
| Yayın yeri | Germany : |
| Yayınlayan | F. Schöningh |
| Yayın tarihi | 1981 |
| 300 ## - FİZİKSEL TANIMLAMA | |
| Sayfa, Cilt vb. | 395 pages: illustrated; 22 sm. |
| 336 ## - İÇERİK TÜRÜ | |
| Content type term | metin |
| Content type code | txt |
| Source | rdacontent |
| 337 ## - MEDYA TÜRÜ | |
| Media type term | aracısız |
| Media type code | n |
| Source | rdamedia |
| 338 ## - TAŞIYICI TÜRÜ | |
| Carrier type term | cilt |
| Carrier type code | nc |
| Source | rdacarrier |
| 490 1# - DİZİ BİLDİRİMİ | |
| Dizi Bildirimi | Studienbücher zur Sprach und Literaturdidaktik ; |
| Cilt Numarası | Bd. |
| 490 1# - DİZİ BİLDİRİMİ | |
| Dizi Bildirimi | 1 |
| 500 ## - GENEL NOT | |
| Genel Not | Includes bibligraphical references and index. |
| 650 #0 - KONU BAŞLIĞI EK GİRİŞ - KONU TERİMİ | |
| Konusal terim veya coğrafi ad | Deutsche Sprache - Studium und Lehre. |
| 9 (RLIN) | 144950 |
| 650 #0 - KONU BAŞLIĞI EK GİRİŞ - KONU TERİMİ | |
| Konusal terim veya coğrafi ad | German language--Study and teaching. |
| 9 (RLIN) | 29554 |
| 650 #0 - KONU BAŞLIĞI EK GİRİŞ - KONU TERİMİ | |
| Konusal terim veya coğrafi ad | German literature--Study and teaching. |
| 9 (RLIN) | 144951 |
| 650 #0 - KONU BAŞLIĞI EK GİRİŞ - KONU TERİMİ | |
| Konusal terim veya coğrafi ad | Alman edebiyatı--Öğrenim ve öğretim. |
| 9 (RLIN) | 144952 |
| 650 #0 - KONU BAŞLIĞI EK GİRİŞ - KONU TERİMİ | |
| Konusal terim veya coğrafi ad | Alman dili--Öğrenim ve öğretim. |
| 9 (RLIN) | 29551 |
| 830 1# - SERİ EK GİRİŞİ - TEKBİÇİM ESER ADI | |
| Tekbiçim Başlık | Studienbücher zur Sprach und Literaturdidaktik ; |
| Volume number/sequential designation | Bd. |
| 9 (RLIN) | 144953 |
| 830 1# - SERİ EK GİRİŞİ - TEKBİÇİM ESER ADI | |
| Tekbiçim Başlık | 1 |
| 9 (RLIN) | 2570 |
| 907 ## - LOCAL DATA ELEMENT G, LDG (RLIN) | |
| a | Dil ve Edebiyat |
| 942 ## - EK GİRİŞ ÖGELERİ (KOHA) | |
| Source of classification or shelving scheme | Library of Congress Classification |
| Koha item type | Book |
| Materyal Türü | Kalıcı Konum | Mevcut Konum | Raf Yeri | Sınıflandırma Kaynağı | Edinim Bilgisi | Ana Konular | Alt Konular | Yer Numarası | Demirbaş Numarası | Fatura Tarihi | Geri Çekilme Durumu | Kayıp Durumu | Hasarlı Durumu | Kredi için değil | Kayıt Tarih | Toplam Ödünçverme | Son Görülme Tarihi | Son Kontrol Tarihi | Genel / Bağış Notu |
|---|---|---|---|---|---|---|---|---|---|---|---|---|---|---|---|---|---|---|---|
| Book | Prof. Dr. Azmi Özcan Kütüphanesi | Prof. Dr. Azmi Özcan Kütüphanesi | Birûni Salonu | Library of Congress Classification | Bağış | DİL VE EDEBİYAT | Batı Germen Dilleri | PF3065 .S78 1981 | 0072621 | 02/02/2026 | 16/12/2024 | 26/05/2025 | 26/05/2025 | Mustafa Çakır, Akademisyen |
